00000000nam 2200000za 4500
0019.832682
003CaOODSP
00520221107150035
007cr |||||||||||
008170301s2017    onc     o    f000 0 eng d
040 |aCaOODSP|beng
043 |an-cn---
0861 |aRv47-1/2016E-PDF
24500|aSeasonal Agricultural Workers Program |h[electronic resource].
250 |aRev. 2017.
260 |a[Ottawa] : |bCanada Revenue Agency, |c[2017]
300 |a13 p.
500 |aIssued also in French under title: Programme des travailleurs agricoles saisonniers.
500 |aCover title.
520 |a“This guide has information employers and liaison officers need to help foreign workers employed in Canada under the Seasonal Agricultural Workers Program meet their tax obligations in Canada. A liaison officer is a foreign government official, usually working at an embassy or a consulate in Canada, who is responsible for administering the Seasonal Agricultural Workers Program for workers from that country”--p. [2].
61020|aSeasonal Agricultural Workers Program (Canada)
69207|2gccst|aAgricultural workers
69207|2gccst|aTaxes
7102 |aCanada Revenue Agency.
77508|tProgramme des travailleurs agricoles saisonniers |w(CaOODSP)9.832684
85640|qPDF|s153 KB|uhttps://publications.gc.ca/collections/collection_2017/arc-cra/Rv47-1-2016-eng.pdf
986 |aRC4004(E)